Nuevos desarrollos de la teoría económica / (Registro nro. 5729)
[ vista simple ]
| 000 -LEADER | |
|---|---|
| fixed length control field | 01237nam a2200265Ia 4500 |
| 003 - CONTROL NUMBER IDENTIFIER | |
| control field | OSt |
| 005 - DATE AND TIME OF LATEST TRANSACTION | |
| control field | 20200605145637.0 |
| 008 - FIXED-LENGTH DATA ELEMENTS--GENERAL INFORMATION | |
| fixed length control field | 191128s1982 ck ad gr 000 0 spa d |
| 040 ## - CATALOGING SOURCE | |
| Original cataloging agency | CO-JMCR |
| Transcribing agency | CO-JMCR |
| 041 0# - LANGUAGE CODE | |
| Language code of text/sound track or separate title | spa |
| 082 04 - DEWEY DECIMAL CLASSIFICATION NUMBER | |
| Classification number | 330.1 / |
| Item number | S612n |
| Edition number | 23 |
| 111 1# - MAIN ENTRY--MEETING NAME | |
| Meeting name or jurisdiction name as entry element | Simposio sobre Los desarrollos recientes de la teoría económica (1981 : Cali, Colombia) |
| 9 (RLIN) | 5048 |
| 245 10 - TITLE STATEMENT | |
| Title | Nuevos desarrollos de la teoría económica / |
| Statement of responsibility, etc. | Alberto Corchuelo editor ; Edward J. Nell, Anuark Sahaikh y Jesús A. Bejarano [y otros] |
| 260 ## - PUBLICATION, DISTRIBUTION, ETC. | |
| Place of publication, distribution, etc. | Cali : |
| Name of publisher, distributor, etc. | Universidad del Valle, |
| Date of publication, distribution, etc. | 1982 |
| 300 ## - PHYSICAL DESCRIPTION | |
| Extent | 460 páginas : |
| Other physical details | gráficos a blanco y negro ; |
| Dimensions | 20 cm. |
| 505 ## - FORMATTED CONTENTS NOTE | |
| Formatted contents note | Para entender la noción marxista de la explotación ; el problema número uno -- La transformación de Marx en Sraffa -- Cinco puntos críticos en la teoría neoclásica de los precios -- De Keynes al análisis post-keynesiano |
| 650 14 - SUBJECT ADDED ENTRY--TOPICAL TERM | |
| Topical term or geographic name entry element | Teoría económica Economía |
| 9 (RLIN) | 5049 |
| 650 24 - SUBJECT ADDED ENTRY--TOPICAL TERM | |
| Topical term or geographic name entry element | Teoría neoclásica |
| 9 (RLIN) | 5050 |
| 650 24 - SUBJECT ADDED ENTRY--TOPICAL TERM | |
| Topical term or geographic name entry element | Congresos |
| General subdivision | conferencias |
| 9 (RLIN) | 5051 |
| 700 1# - ADDED ENTRY--PERSONAL NAME | |
| Personal name | Corchuelo, Alberto, |
| Relator term | editor |
| 9 (RLIN) | 3143 |
| 700 1# - ADDED ENTRY--PERSONAL NAME | |
| Personal name | Nell, Edward J., |
| Relator term | autor |
| 9 (RLIN) | 5052 |
| 700 1# - ADDED ENTRY--PERSONAL NAME | |
| Personal name | Sahaikh, Anuark, |
| Relator term | autor |
| 9 (RLIN) | 5053 |
| 700 1# - ADDED ENTRY--PERSONAL NAME | |
| Personal name | Bejarano, Jesús A., |
| Relator term | autor |
| 9 (RLIN) | 5054 |
| 942 ## - ADDED ENTRY ELEMENTS (KOHA) | |
| Source of classification or shelving scheme | Dewey Decimal Classification |
| Koha item type | Books |
| Withdrawn status | Lost status | Source of classification or shelving scheme | Materials specified (bound volume or other part) | Damaged status | Not for loan | Home library | Current library | Shelving location | Date acquired | Source of acquisition | Cost, normal purchase price | Total Checkouts | Full call number | Barcode | Date last seen | Copy number | Price effective from | Koha item type |
|---|---|---|---|---|---|---|---|---|---|---|---|---|---|---|---|---|---|---|
| Dewey Decimal Classification | Donación--15/04/2018-- | Biblioteca Pública José María del Castillo y Rada | Biblioteca Pública José María del Castillo y Rada | General Stacks | 11/28/2019 | Donación | 0.00 | 330.1 / S612n | 430004067 | 05/16/2024 | Ej.1 | 11/28/2019 | Books |